000 00508 a2200205 4500
260 _bCongrès Jeune Notariat
245 _aQualité et management dans l'entreprise notariale
300 _a203 p.
650 _aNotaire : entreprise : qualité
650 _aNotaire : entreprise : gestion
260 _c1994
300 _b24cm
100 _lFr
630 _a658 - Gestion commerciale
037 _aDe 8188
037 _b1, Achat
650 _a6 - SCIENCES APPLIQUEES
999 _c42016
_d42016